000 00733cam a22002413a 4500
001 7149
003 PGUSA
005 20140828083141.0
008 041201s2004||||xxu|||||s|||||000 p eng d
040 _aPGUSA
_beng
042 _adc
050 4 _aPR
100 1 _aWhite, Henry Kirke,
_d1785-1806
245 1 4 _aThe Poetical Works of Henry Kirk White :
_bWith a Memoir by Sir Harris Nicolas
_h[electronic resource] /
_cHenry Kirke White
260 _bProject Gutenberg,
_c2004
506 _aPublic domain in the USA.
516 _aElectronic text
653 _aPoetry
700 1 _aNicolas, Nicholas Harris,
_cSir,
_d1799-1848
830 0 _aProject Gutenberg
_v7149
856 4 0 _uhttp://www.gutenberg.org/ebooks/7149
942 _cEB
999 _c236469
_d236469